El Periquillo Sarniento de J.J. Fernández de Lizardi : apuntes autodidácticos para estudiantes /

Estos "Apuntes Autodidácticos" presentan una síntesis y un estudio literario de la obra "El Periquillo Sarniento" de J.J. Fernández de Lizardi. Se pretende sean un apoyo complementario para el estudiante de literatura. Contenido: Contexto Histórico-Social; Biografía de J.J. Fernández de Lizardi; Apr...

Ամբողջական նկարագրություն

Պահպանված է:
Մատենագիտական մանրամասներ
Հիմնական հեղինակ: Oseguera Mejía, Eva Lydia (autor)
Ձևաչափ: Գիրք
Լեզու:իսպաներեն
Հրապարակվել է: México : Fernández Editores, 1987
Շարք:(Apuntes Autodidácticos para Estudiantes. Literatura Latinoamericana)
Խորագրեր:
Ցուցիչներ: Ավելացրեք ցուցիչ
Չկան պիտակներ, Եղեք առաջինը, ով նշում է այս գրառումը!

MARC

LEADER 00000nam^a2200000^a^4500
001 000022294
005 20250521000000.0
009 20260310084449.938
020 |a 968-416-559-5 
037 |a Acervo ITESO - Biblioteca 
041 |a ESP 
082 |a 864.  |b OSE 
100 |a Oseguera Mejía, Eva Lydia  |e (autor) 
245 1 3 |a El Periquillo Sarniento de J.J. Fernández de Lizardi :  |b apuntes autodidácticos para estudiantes /  |c E.L. Oseguera Mejía. 
264 1 |a México :  |b Fernández Editores,  |c 1987 
300 |a 116 p. 
336 |a texto  |b txt  |2 rdacontenido 
337 |a sin mediación  |b n  |2 rdamedio 
338 |a volumen  |b nc  |2 rdasoporte 
440 1 |a (Apuntes Autodidácticos para Estudiantes.  |p Literatura Latinoamericana) 
520 |a Estos "Apuntes Autodidácticos" presentan una síntesis y un estudio literario de la obra "El Periquillo Sarniento" de J.J. Fernández de Lizardi. Se pretende sean un apoyo complementario para el estudiante de literatura. Contenido: Contexto Histórico-Social; Biografía de J.J. Fernández de Lizardi; Apreciaciones Generales sobre su Obra; Síntesis de "El Periquillo Sarniento"; Glosario; Acercamiento Analítico: Finalidad de la Obra, Estructura, Neoclasista y Precursor, Estilo. 
649 |a XX 
650 |a Novela Mexicana -  |x Historia y Crítica 
650 |a Literatura Mexicana -  |x Historia y Crítica 
650 |a Ensayos Mexicanos 
910 |a Fondo General 
920 |a Impresos - Libros 
930 |a Colección General 
940 |a Literatura 
905 |a 101 
901 |a 0222940100  |b IT1  |c LIT  |i 022294  |u 20250521 
902 |a https://opac.biblio.iteso.mx/vufind/Record/000022294